000 00397nam a22001697a 4500
003 MPLRDC
005 20220104124106.0
008 210129b ||||| |||| 00| 0 eng d
082 _a868.71 DMH
100 _a端木虹
245 _a含笑青山
_c
250 _a初版
260 _a
_b马来西亚写作人协会
_c1982
300 _b
650 _a马华文学
942 _cBK
_o868.71 DMH
999 _c16587
_d16577